000 00599nam a2200217Ia 4500
003 OSt
005 20221007082850.0
006 a|||||r|||| 00| 0
007 ta
008 221006b |||||||| |||| 00| 0 eng d
024 _a33,364
037 _cDissertations
040 _aFLL
_cFLL
_beng
041 _2eng
_aeng
100 _aMan Ashok
_9699688
245 0 _aJudicial accountability India's method and experience with special reference to the judges (inquiry) bill, 2006
260 _c2009
300 _avii,90p
_ccm.
942 _cDIS
_2CC
999 _c1168013
_d1168013